000 00439nam a2200169Ia 4500
008 180921t2016 xxu||||| |||| 00| 1 sin d
041 _asin
080 _aX8C31
_bWAN
100 _aWanniarachchi, Buvaneka
245 _aනාගයාගේ සාක්ෂිය
246 _aNagayage Sakshiya
260 _bSadeepa
_aColombo
_c2016
300 _a112p., 21cm
942 _cBK
999 _c8064
_d8064
003 LK-CoDNM
040 _aLK-CoDNM
_dLK-CoDNM
_eLK-CoDNM